Statistics for How Much Is Weed? by Dominic Fike - Lyrics Quiz

Click here to take the quiz!

General Stats

  • This quiz has been taken 101 times
    (100 since last reset)
  • The average score is 316 of 402

Answer Stats

Answer% Correct
a
100%
album
100%
photo
100%
an
99%
and
99%
go
99%
i
99%
it
99%
the
99%
color
97%
do
97%
don't
97%
"don't
97%
back
96%
could
96%
down"
96%
down
96%
faded
96%
from
96%
how
96%
look
96%
tell
96%
you
96%
done
95%
family
95%
friends
95%
if
95%
but
93%
to
93%
ends
91%
Miami
91%
would've
89%
all
88%
no
88%
took
88%
got
87%
my
87%
my-
87%
up
85%
can
84%
be
83%
me
83%
can't
81%
K
81%
this)
81%
this
81%
this"
81%
caught
80%
in
80%
something?
80%
daddy
79%
she
79%
empty
77%
now
77%
on
77%
shit)
77%
shit
77%
stomach
77%
myself
76%
bitch
75%
mama
75%
Mama
75%
of
75%
out
75%
bad
73%
alley
72%
by
72%
juk
72%
"long
72%
way
72%
when
72%
baby's
71%
(fuck
71%
Grammys
71%
know
71%
shy"
71%
control
69%
looking
69%
through
69%
dance
68%
dawg
68%
i'm
68%
send
68%
told
68%
about
67%
it's
67%
dug
65%
get
65%
hole
65%
just
65%
keep
65%
never
65%
sometimes
65%
cared
64%
head
64%
remember
64%
'til
64%
shouting
63%
bought
61%
find
61%
"let's
61%
balance
60%
doing
60%
house
60%
meant
60%
that
60%
emptiness
59%
grew
59%
outside
59%
said
59%
what
59%
switch
57%
fast
55%
might
55%
ain't
53%
boys
53%
watch
53%
(watch
53%
while
53%
good
52%
brother
51%
like
51%
Seno
51%
coming
49%
days
49%
old
49%
shut
49%
was
49%
arrested
48%
hand-me-downs
48%
polo
47%
couldn't
45%
even
45%
left
45%
make
45%
payment
45%
Swiss
45%
them
45%
man?
44%
went
44%
with
44%
at
43%
ayy
43%
herself
43%
not
43%
please
43%
call
41%
did
41%
jail
41%
made
41%
then
41%
invested
40%
M's
40%
plans
40%
ripping
40%
sense
40%
Stunna
40%
help
39%
nobody
39%
put
39%
try
39%
weekend
39%
needed
37%
rest
37%
stressing?
37%
best
36%
had
36%
hair
36%
hard
36%
everybody
35%
Gibs
35%
n'em
32%

Score Distribution

Percentile by Number Answered

Percent of People with Each Score

Your Score History

You have not taken this quiz since the last reset